Предания о неземных пришельцах: научно-фантастические повести и рассказы писателей ГДР; пер. с нем.; Предания о неземных пришельцах; Опыт на себе; Обморок; Памятник; Бумажная книга; Канат над городом; Синдром Ваксмута; Полимакс; Райский остров; Испечь себе мужа; Хомо Пипогенус Эректус; Утофант; Никогда Не Плачущий Глаз; Облака нежнее, чем дыхание; Беседы в пути; Омм; Врач; Нимб; Второе пришествие; Цатар; Я-человек

التفاصيل البيبلوغرافية
مؤلفون آخرون: Симон Э. Эрик (составитель)
اللغة:الروسية
منشور في: Москва, Радуга, 1991
TOC:А. Зегерс, Предания о неземных пришельцах;
К. Вольф, Опыт на себе;
Ф. Фюман, Обморок; Памятник; Бумажная книга;
И. Моргнер, Канат над городом;
Синдром Ваксмута;
Х. Кёниксдорф, Полимакс;
М. Зайдеман, Райский остров;
П. Вернер, Испечь себе мужа;
Й. Браун, Г. Браун, Хомо Пипогенус Эректус; Утофант;
А. Штайнмюллер, К. Штайнмюллер, Никогда Не Плачущий Глаз; Облака нежнее, чем дыхание;
Э. Симон, Беседы в пути; Омм;
Р. Крон, Врач;
Г. Прокоп, Нимб;
К. Мёккель, Второе пришествие;
В. Кобер, Цатар; Я-человек;
الموضوعات:
التنسيق: كتاب
KOHA link:https://koha.lib.tpu.ru/cgi-bin/koha/opac-detail.pl?biblionumber=157871

MARC

LEADER 00000nam0a2200000 4500
001 157871
005 20231031154033.0
010 |a 5050025281 
020 |a RU  |b 91-11847 
035 |a (RuTPU)RU\TPU\book\171239 
090 |a 157871 
100 |a 20090415d1991 m y0rusy5003 ca 
101 1 |a rus  |c ger 
102 |a RU 
105 |a a z 001ay 
200 1 |a Предания о неземных пришельцах  |e научно-фантастические повести и рассказы писателей ГДР   |e пер. с нем.  |f сост., авт. предисл. и справок об авторах Э. Симон 
210 |a Москва  |c Радуга  |d 1991 
215 |a 447 с.  |c ил.  |d 22 см 
320 |a Библиогр.: с. 439-444 
464 |t Предания о неземных пришельцах  |f А. Зегерс 
464 |t Опыт на себе  |f К. Вольф 
464 |t Обморок; Памятник; Бумажная книга  |f Ф. Фюман 
464 |t Канат над городом  |f И. Моргнер 
464 |t Синдром Ваксмута 
464 |t Полимакс  |f Х. Кёниксдорф 
464 |t Райский остров  |f М. Зайдеман 
464 |t Испечь себе мужа  |f П. Вернер 
464 |t Хомо Пипогенус Эректус; Утофант  |f Й. Браун, Г. Браун 
464 |t Никогда Не Плачущий Глаз; Облака нежнее, чем дыхание  |f А. Штайнмюллер, К. Штайнмюллер 
464 |t Беседы в пути; Омм  |f Э. Симон 
464 |t Врач  |f Р. Крон 
464 |t Нимб  |f Г. Прокоп 
464 |t Второе пришествие  |f К. Мёккель 
464 |t Цатар; Я-человек  |f В. Кобер  |a Хайм, Стефан 
610 1 |a научно-фантастические романы 
610 1 |a немецкая литература 
610 1 |a художественная литература 
610 1 |a рассказы 
610 1 |a научная фантастика 
675 |a 83  |z rus 
702 1 |a Симон  |b Э.  |g Эрик  |4 220 
801 0 |a RU  |b RuMRKP  |c 19950417  |g psbo 
801 1 |a RU  |b 63413507  |c 20090415  |g PSBO 
801 2 |a RU  |b 63413507  |c 20160908  |g PSBO 
942 |c BK